| 000 | 00987cam a2200229 a 4500 | ||
|---|---|---|---|
| 001 | 000014326 | ||
| 005 | 20200929163556.0 | ||
| 008 | 870720s1982 ck a b 100 0 spa | ||
| 040 |
_aDO-SdBNP _bspa _cBNPHU |
||
| 082 |
_a321.8 _bC397d |
||
| 110 | 1 |
_aCentral Latinoamericana de Trabajadores. _bCongreso _n(8th : _d1982 : _cBogotá, Colombia) _932320 |
|
| 245 | 1 | 3 |
_aLa democracia real : _bopción histórica de la clase trabajadora para su liberación / _caprobado por el VIII Congreso de la CLAT, Bogotá, Colombia, 17 de diciembre de 1982. |
| 260 |
_aBogotá : _bCentral Latinoamericana de Trabajadores, _c1982. |
||
| 300 |
_a336 p. : _bil. ; _c22 cm. |
||
| 490 | 1 | _aCLAT | |
| 490 | 1 | _aDocumentos de base | |
| 504 | _aBibliografía: p. 323-330. | ||
| 650 | 4 |
_aDemocracia _xCongresos. _932321 |
|
| 650 | 4 |
_aGobierno representativo _zAmérica Latina _xCongresos. _932322 |
|
| 710 | 1 |
_aCentral Latinoamericana de Trabajadores. _bU.S. Office. _932323 |
|
| 830 | 0 |
_aCLAT _pDocumentos de base _932324 |
|
| 999 |
_c13921 _d13921 |
||